000
00311nam a2200145Ia 4500
003
OSt
005
20240309102639.0
008
170524s9999 xx 000 0 und d
020
_a
8182838037
040
_c
IIMTU
100
_a
AGARWAL V C
245
0
_a
HYDRAULICS
260
_b
KRISHNA MEERUT
942
_2
ddc
_c
02
999
_c
7813
_d
7813